[Event "Quebec op U2000"]
[Site "Montreal"]
[Date "2016.07.26"]
[Round "5.18"]
[White "Gilbert, Erick"]
[Black "Deschamps, Richard"]
[Result "1/2-1/2"]
[WhiteElo "1803"]
[BlackElo "1905"]
[PlyCount "112"]
[EventDate "2016.07.23"]
[EventType "swiss"]
[EventRounds "8"]
[EventCountry "CAN"]
[SourceTitle "EXT 2022"]
[Source "ChessBase"]
[SourceDate "2021.10.06"]
[SourceVersion "1"]
[SourceVersionDate "2021.10.06"]
[SourceQuality "1"]

1. Nf3 Nf6 2. c4 g6 3. g3 Bg7 4. Bg2 0-0 5. 0-0 d6 6. Nc3 e5 7. d3 c6 8. Bg5 h6 9. Bd2 Be6 10. Qc1 Kh7 11. b4 Na6 12. Rb1 Qd7 13. Qa3 Bh3 14. b5 Nc5 15. Nxe5 dxe5 16. Qxc5 Bxg2 17. Kxg2 e4 18. bxc6 bxc6 19. d4 Rfe8 20. Be3 Ng4 21. h3 Nxe3+ 22. fxe3 Bf8 23. Qa5 Bd6 24. Na4 Rac8 25. Nc5 Qe7 26. Rb7 Rc7 27. Rxc7 Bxc7 28. Qe1 f5 29. Qf2 Rb8 30. Na6 Rb2 31. Nxc7 Qxc7 32. g4 Qe7 33. gxf5 Qg5+ 34. Kh1 gxf5 35. Rg1 Qh5 36. Qg3 Qf7 37. Rg2 Rxa2 38. Qe5 a5 39. d5 cxd5 40. cxd5 a4 41. d6 Rc2 42. Qe7 Qxe7 43. dxe7 Rc8 44. Rg1 Re8 45. Ra1 Rxe7 46. Rxa4 Kg6 47. Kh2 Rb7 48. Kg3 Rb2 49. Kf4 Rxe2 50. Ra6+ Kh5 51. Kxf5 Rxe3 52. Kf4 Re2 53. Re6 e3 54. Kf3 Rh2 55. Kg3 Re2 56. Kf3 Re1 1/2-1/2

[Event "Quebec-ch opB"]
[Site "Montreal"]
[Date "2010.07.30"]
[Round "8"]
[White "Abran, David"]
[Black "Deschamps, Richard"]
[Result "1-0"]
[WhiteElo "1798"]
[BlackElo "2008"]
[PlyCount "75"]
[EventDate "2010.07.24"]
[EventType "swiss"]
[EventRounds "9"]
[EventCountry "CAN"]
[SourceTitle "EXT 2013"]
[Source "ChessBase"]
[SourceDate "2012.11.22"]
[SourceVersion "1"]
[SourceVersionDate "2012.11.22"]
[SourceQuality "1"]

1. d4 Nf6 2. Nf3 e6 3. e3 c5 4. Be2 cxd4 5. exd4 Qb6 6. 0-0 Nc6 7. c4 d5 8. Nc3 Bb4 9. Na4 Qd8 10. a3 Bd6 11. b4 dxc4 12. Bxc4 0-0 13. Bb2 a6 14. Nc3 Ne7 15. Re1 b5 16. Bd3 Bb7 17. Ne4 Nfd5 18. Nc5 Bc6 19. Ne5 Bxe5 20. Rxe5 Nf4 21. Bf1 Neg6 22. Re3 Qd5 23. Rg3 h5 24. Qf3 h4 25. Qxd5 Bxd5 26. Rg4 f5 27. Rg5 Ra7 28. g3 hxg3 29. hxg3 Kf7 30. gxf4 Nxf4 31. f3 Bxf3 32. d5 g6 33. dxe6+ Nxe6 34. Nxe6 Kxe6 35. Rxg6+ Kd5 36. Kf2 Bh5 37. Rh6 Bg4 38. Rc1 1-0

[Event "Quebec-ch opB"]
[Site "Montreal"]
[Date "2010.07.27"]
[Round "5"]
[White "Deschamps, Richard"]
[Black "Oussedik, Elias"]
[Result "1/2-1/2"]
[WhiteElo "2008"]
[BlackElo "2154"]
[PlyCount "163"]
[EventDate "2010.07.24"]
[EventType "swiss"]
[EventRounds "9"]
[EventCountry "CAN"]
[SourceTitle "EXT 2013"]
[Source "ChessBase"]
[SourceDate "2012.11.22"]
[SourceVersion "1"]
[SourceVersionDate "2012.11.22"]
[SourceQuality "1"]

1. d4 e6 2. c4 Nf6 3. Nf3 c5 4. d5 exd5 5. cxd5 d6 6. Nc3 g6 7. Bf4 Bg7 8. Qa4+ Bd7 9. Qb3 Qc7 10. e3 0-0 11. Be2 Nh5 12. Bg5 h6 13. Bh4 g5 14. Nd2 Nf6 15. Bg3 Re8 16. Nc4 Bf8 17. h4 Na6 18. hxg5 hxg5 19. a3 Rab8 20. a4 Nb4 21. Nd2 a6 22. Rc1 b5 23. Nxb5 axb5 24. Qxb4 bxa4 25. Qc3 Bg7 26. Qc2 Rb4 27. Bc4 Qa5 28. 0-0 Nh5 29. Ne4 Rxb2 30. Qd3 Bf5 31. Nf6+ Bxf6 32. Qxf5 Nxg3 33. fxg3 Qd2 34. Qf2 Qxf2+ 35. Rxf2 Rxf2 36. Kxf2 Rb8 37. Rc2 Rb4 38. Ba2 Kg7 39. Ke2 Be5 40. Kf3 f5 41. g4 Rxg4 42. Rc4 Rg3+ 43. Kf2 f4 44. exf4 gxf4 45. Rxa4 Bd4+ 46. Kf1 Kf6 47. Ra8 Be3 48. Re8 Rg6 49. Re6+ Kg5 50. Rxg6+ Kxg6 51. Bb1+ Kf6 52. Be4 Ke5 53. Bf3 c4 54. Ke2 Kd4 55. Kd1 Kd3 56. Be2+ Kd4 57. Bf3 Kc3 58. Be4 Kd4 59. Bf3 c3 60. Kc2 Bd2 61. Kd1 Kd3 62. Be2+ Ke3 63. Bf3 Kd4 64. Kc2 Kc4 65. Be4 Be1 66. Bf3 Kd4 67. Kd1 Kd3 68. Be2+ Ke3 69. Bf3 Bh4 70. Kc2 Kd4 71. Kd1 Kd3 72. Be2+ Kd4 73. Bf3 Kc4 74. Kc2 Kb4 75. Be4 Kc4 76. Bf3 Kd4 77. Kd1 Ke3 78. Kc2 Kf2 79. Kd3 Bf6 80. Be4 Be5 81. Bf3 Ke1 82. Kc2 1/2-1/2

[Event "Quebec-ch opB"]
[Site "Montreal"]
[Date "2010.07.26"]
[Round "4"]
[White "Deschamps, Richard"]
[Black "Hajiyev, Elshad"]
[Result "0-1"]
[WhiteElo "2008"]
[BlackElo "2121"]
[PlyCount "54"]
[EventDate "2010.07.24"]
[EventType "swiss"]
[EventRounds "9"]
[EventCountry "CAN"]
[SourceTitle "EXT 2013"]
[Source "ChessBase"]
[SourceDate "2012.11.22"]
[SourceVersion "1"]
[SourceVersionDate "2012.11.22"]
[SourceQuality "1"]

1. d4 d6 2. e4 Nf6 3. Nc3 Nbd7 4. f4 e5 5. Nf3 exd4 6. Nxd4 Nc5 7. Bd3 Bg4 8. Nf3 c6 9. 0-0 d5 10. exd5 Nxd5 11. Nxd5 Qxd5 12. Qe2+ Qe6 13. Qxe6+ Bxe6 14. f5 Nxd3 15. fxe6 Bc5+ 16. Kh1 Nf2+ 17. Rxf2 Bxf2 18. exf7+ Kxf7 19. Bd2 Rhe8 20. Rf1 Re2 21. Bc3 Kg8 22. h3 Rxc2 23. Kh2 Rf8 24. Rd1 Be3 25. Rd7 Rxf3 26. Rxg7+ Kf8 27. Rxb7 Bf4+ 0-1

[Event "Quebec-ch opB"]
[Site "Montreal"]
[Date "2010.07.25"]
[Round "2"]
[White "Deschamps, Richard"]
[Black "Leutschaft, Martin"]
[Result "0-1"]
[WhiteElo "2008"]
[BlackElo "2133"]
[PlyCount "76"]
[EventDate "2010.07.24"]
[EventType "swiss"]
[EventRounds "9"]
[EventCountry "CAN"]
[SourceTitle "EXT 2013"]
[Source "ChessBase"]
[SourceDate "2012.11.22"]
[SourceVersion "1"]
[SourceVersionDate "2012.11.22"]
[SourceQuality "1"]

1. d4 Nf6 2. c4 Nc6 3. Nf3 e6 4. Bg5 h6 5. Bf4 Bb4+ 6. Nbd2 g5 7. a3 gxf4 8. axb4 Nxb4 9. g3 fxg3 10. hxg3 b6 11. Qb3 c5 12. e4 Bb7 13. Rh4 h5 14. Bh3 d6 15. e5 dxe5 16. dxe5 Nd7 17. Ne4 Bxe4 18. Rxe4 Qc7 19. Re2 0-0-0 20. Qe3 a5 21. Bg2 h4 22. gxh4 Rdg8 23. Kf1 Rg4 24. b3 Nc6 25. Rd1 Rhg8 26. Bh3 R4g7 27. Ree1 Ndxe5 28. Nxe5 Rg1+ 29. Ke2 Rxe1+ 30. Kxe1 Qxe5 31. Qxe5 Nxe5 32. Ke2 Rh8 33. Rd5 Ng6 34. Rg5 Nf4+ 35. Kf3 Nxh3 36. Rg4 f5 37. Rg6 Rxh4 38. Kg3 Rg4+ 0-1

[Event "Montreal Hiver op"]
[Site "Montreal"]
[Date "2007.01.21"]
[Round "4"]
[White "Deschamps, Richard"]
[Black "Cloutier, Mathieu"]
[Result "0-1"]
[WhiteElo "1969"]
[BlackElo "2045"]
[PlyCount "116"]
[EventDate "2007.01.19"]
[EventType "swiss"]
[EventRounds "5"]
[EventCountry "CAN"]
[SourceTitle "EXT 2008"]
[Source "ChessBase"]
[SourceDate "2007.11.25"]
[SourceVersion "1"]
[SourceVersionDate "2007.11.25"]
[SourceQuality "1"]

1. d4 Nf6 2. c4 e6 3. Nf3 c5 4. d5 exd5 5. cxd5 d6 6. Nc3 g6 7. e4 Bg7 8. Be2 0-0 9. 0-0 Re8 10. Qc2 Na6 11. Re1 Nc7 12. Bg5 h6 13. Bf4 g5 14. Bg3 Nh5 15. a4 Nxg3 16. hxg3 Re7 17. Rad1 Ne8 18. Nd2 a6 19. Nc4 b6 20. Ne3 Bd4 21. Nf1 Nf6 22. Bd3 Ng4 23. Rd2 Bd7 24. Nh2 Nxh2 25. Kxh2 Qe8 26. Nd1 Bxa4 27. b3 Bb5 28. Ne3 Bxd3 29. Qxd3 Rxe4 30. Rde2 Bxe3 31. Rxe3 Rxe3 32. Rxe3 Qd7 33. Qe2 Qf5 34. Qh5 Qg6 35. Qxg6+ fxg6 36. Re6 Rd8 37. Rxg6+ Kh7 38. Re6 Rd7 39. Kh3 b5 40. Re8 c4 41. bxc4 b4 42. Ra8 Rb7 43. Rxa6 b3 44. Ra1 b2 45. Rb1 Rb3 46. Kh2 Kg6 47. Kg1 Kf5 48. Kf1 Ke4 49. Ke2 Kd4 50. Kd2 Rb4 51. f4 Rb3 52. fxg5 Rxg3 53. Ke1 Rxg2 54. Kf1 Rc2 55. gxh6 Rc1+ 56. Kg2 Rxb1 57. h7 Rg1+ 58. Kh2 Rh1+ 0-1

[Event "Quebec-op U2000"]
[Site "Montreal"]
[Date "2006.07.15"]
[Round "9"]
[White "Menard, Dominic"]
[Black "Deschamps, Richard"]
[Result "1-0"]
[WhiteElo "1926"]
[BlackElo "1982"]
[PlyCount "83"]
[EventDate "2006.07.07"]
[EventType "swiss"]
[EventRounds "9"]
[EventCountry "CAN"]
[SourceTitle "CBM 113 Extra"]
[Source "ChessBase"]
[SourceDate "2006.09.14"]
[SourceVersion "1"]
[SourceVersionDate "2006.09.14"]
[SourceQuality "1"]

1. d4 Nf6 2. c4 c5 3. d5 b5 4. Nd2 bxc4 5. e4 Qa5 6. Qf3 d6 7. Bxc4 Nbd7 8. Qc3 Qc7 9. Ngf3 g6 10. b3 Bg7 11. Bb2 0-0 12. 0-0 Nh5 13. Qc2 Ndf6 14. Rfe1 Nf4 15. Nf1 Qd7 16. Ne3 Bh6 17. e5 N6h5 18. e6 fxe6 19. dxe6 Qc6 20. Ng4 Bg7 21. Bxg7 Kxg7 22. Qc3+ Nf6 23. Rad1 Bb7 24. Re3 h5 25. Nxf6 Rxf6 26. a4 a6 27. Bf1 Raf8 28. Qb2 Kh6 29. Qd2 g5 30. h4 g4 31. Ne1 d5 32. Re5 Qd6 33. Nd3 d4 34. Rxc5 Kh7 35. Rg5 Nh3+ 36. gxh3 Rf5 37. hxg4 Qd5 38. f3 Qxf3 39. Bg2 Qg3 40. Rxf5 Qxg4 41. Rxf8 Bxg2 42. Rf7+ 1-0

[Event "Montreal Paques op"]
[Site "Montreal"]
[Date "2006.04.15"]
[Round "3"]
[White "Ye, Ling Feng"]
[Black "Deschamps, Richard"]
[Result "1-0"]
[WhiteElo "2017"]
[BlackElo "2004"]
[PlyCount "79"]
[EventDate "2006.04.14"]
[EventType "tourn"]
[EventRounds "5"]
[EventCountry "CAN"]
[SourceTitle "EXT 2007"]
[Source "ChessBase"]
[SourceDate "2006.11.23"]
[SourceVersion "1"]
[SourceVersionDate "2006.11.23"]
[SourceQuality "1"]

1. e4 d6 2. d4 Nf6 3. Nc3 Nbd7 4. f4 e5 5. Nf3 exd4 6. Qxd4 c6 7. e5 dxe5 8. fxe5 Bc5 9. Qc4 Qe7 10. Bf4 Nb6 11. Qe2 Nfd5 12. Nxd5 Nxd5 13. Bg5 Qc7 14. 0-0-0 Bf5 15. Nd4 Bg6 16. Nb3 Bb6 17. Bd2 a5 18. c4 Nb4 19. Bxb4 axb4 20. c5 Ba7 21. Qc4 0-0 22. Bd3 Qxe5 23. Qxb4 Qe3+ 24. Qd2 Bxd3 25. Qxe3 Bg6 26. a3 Rfe8 27. Qf3 Re4 28. Rd4 Re5 29. Rhd1 Bxc5 30. Rd8+ Rxd8 31. Rxd8+ Bf8 32. Qc3 f6 33. Nc5 Be8 34. Qxe5 fxe5 35. Rxe8 Kf7 36. Rxe5 Bd6 37. Rf5+ Kg6 38. g4 b6 39. Nd7 h6 40. Nf8+ 1-0

[Event "Quebec op"]
[Site "Montreal"]
[Date "1986.08.07"]
[Round "5"]
[White "Deschamps, Richard"]
[Black "Bray, Ronald"]
[Result "0-1"]
[WhiteElo "1748"]
[BlackElo "1954"]
[PlyCount "56"]
[EventDate "1986.08.03"]
[EventType "swiss"]
[EventRounds "8"]
[EventCountry "CAN"]
[SourceTitle "EXT 2022"]
[Source "ChessBase"]
[SourceDate "2021.10.06"]
[SourceVersion "1"]
[SourceVersionDate "2021.10.06"]
[SourceQuality "1"]

1. d4 Nf6 2. c4 e6 3. Nf3 d5 4. Nc3 Bb4 5. Qa4+ Nc6 6. Bg5 h6 7. Bxf6 Qxf6 8. e3 Bd7 9. Qb3 0-0 10. a3 dxc4 11. Bxc4 Bd6 12. Ne4 Qg6 13. Bd3 Qxg2 14. Ke2 f5 15. Rag1 Qxf3+ 16. Kxf3 fxe4+ 17. Kxe4 Na5 18. Qd1 Bc6+ 19. d5 Bxd5+ 20. Kd4 Be5+ 21. Kc5 Nb3+ 22. Kb4 a5+ 23. Ka4 Nc5+ 24. Kb5 b6 25. Rxg7+ Kxg7 26. Rg1+ Kh8 27. Qh5 c6+ 28. Kxb6 Nd7+ 0-1